Enterprise Javabeans

שמור ב:
מידע ביבליוגרפי
מחבר ראשי: Richard Monson-Haefel
פורמט: ספר
שפה:Undetermined
יצא לאור: Beijing, China O'Reilly Beijing 2001
נושאים:
תגים: הוספת תג
אין תגיות, היה/י הראשונ/ה לתייג את הרשומה!
Thư viện lưu trữ: Trung tâm Học liệu Trường Đại học Cần Thơ
LEADER 00499nam a2200181Ia 4500
001 CTU_58127
008 210402s9999 xx 000 0 und d
082 |a 005.133 
082 |b M755 
100 |a Richard Monson-Haefel 
245 0 |a Enterprise Javabeans 
245 0 |c Richard Monson-Haefel 
260 |a Beijing, China 
260 |b O'Reilly Beijing 
260 |c 2001 
650 |a java ( computer program language ) 
904 |i Minh 
980 |a Trung tâm Học liệu Trường Đại học Cần Thơ